Análisis de estabilidad y propiedades dinámicas del dique del Proyecto Hidro-Eléctrico Birrís III
Zapisane w:
| 1. autor: | |
|---|---|
| Format: | Książka |
| Wydane: |
[San José, Costa Rica]
2004
|
| Hasła przedmiotowe: | |
| Etykiety: |
Dodaj etykietę
Nie ma etykietki, Dołącz pierwszą etykiete!
|
MARC
| LEADER | 00000nam a2200000Ia 4500 | ||
|---|---|---|---|
| 001 | 4782 | ||
| 003 | 010274 | ||
| 005 | 20221231144144.0 | ||
| 008 | 140114s2004 cr a m 000 ||s d | ||
| 040 | |c cru CEDI | ||
| 100 | |a Fernández Woodbridge, Mauricio |9 6818 | ||
| 245 | |a Análisis de estabilidad y propiedades dinámicas del dique del Proyecto Hidro-Eléctrico Birrís III | ||
| 260 | |c 2004 |a [San José, Costa Rica] | ||
| 300 | |a 100, [49] hojas : ilustraciones, mapas color | ||
| 500 | |a Proyecto de graduación (licencuatura en ingeniería civil)--Universidad de Costa Rica. Facultad de Ingeniería. Escuela de Ingeniería Civil | ||
| 650 | |x DIQUES |x DISEÑO DE ESTRUCTURAS |x ESTABILIDAD DE ESTRUCTURAS |x ESTRUCTURA DE SUELOS |x VIBRACION (INGENIERIA) |9 6819 | ||
| 942 | |c TFG | ||
| 999 | |c 17701 |d 17701 | ||
